<?xml version="1.0" encoding="UTF-8"?><?xml-stylesheet type="text/xsl" href="static/style.xsl"?><OAI-PMH xmlns="http://www.openarchives.org/OAI/2.0/" xmlns:xsi="http://www.w3.org/2001/XMLSchema-instance" xsi:schemaLocation="http://www.openarchives.org/OAI/2.0/ http://www.openarchives.org/OAI/2.0/OAI-PMH.xsd"><responseDate>2026-04-13T02:22:20Z</responseDate><request verb="GetRecord" identifier="oai:www.recercat.cat:2072/97047" metadataPrefix="marc">https://recercat.cat/oai/request</request><GetRecord><record><header><identifier>oai:recercat.cat:2072/97047</identifier><datestamp>2024-12-13T09:10:49Z</datestamp><setSpec>com_2072_96880</setSpec><setSpec>com_2072_96875</setSpec><setSpec>com_2072_96852</setSpec><setSpec>com_2072_2015</setSpec><setSpec>col_2072_96881</setSpec></header><metadata><record xmlns="http://www.loc.gov/MARC21/slim" xmlns:dcterms="http://purl.org/dc/terms/" xmlns:xsi="http://www.w3.org/2001/XMLSchema-instance" xmlns:doc="http://www.lyncode.com/xoai" xsi:schemaLocation="http://www.loc.gov/MARC21/slim http://www.loc.gov/standards/marcxml/schema/MARC21slim.xsd">
   <leader>00925njm 22002777a 4500</leader>
   <datafield ind2=" " ind1=" " tag="042">
      <subfield code="a">dc</subfield>
   </datafield>
   <datafield ind2=" " ind1=" " tag="720">
      <subfield code="a">Azorín Millaruelo, Cristina</subfield>
      <subfield code="e">author</subfield>
   </datafield>
   <datafield ind2=" " ind1=" " tag="720">
      <subfield code="a">Casaldàliga Rojas, Núria</subfield>
      <subfield code="e">author</subfield>
   </datafield>
   <datafield ind2=" " ind1=" " tag="520">
      <subfield code="a">El Servei de Biblioteques de la UAB gestiona un dipòsit digital que cobreix les expectatives generades per un dipòsit institucional a la vegada que actua facilitant la consulta de la biblioteca digital pròpia. La naturalesa diversa de les col·leccions, quant a origen i format ens ha obligat a utilitzar eines de gestió específiques per establir els circuits, mètodes i procediments de treball. Volem compartir la nostra experiència, tant a nivell de creació d'un únic dipòsit capaç de gestionar tot el nostre fons digital, com de les opcions de treball intern escollides.</subfield>
   </datafield>
   <datafield ind2=" " ind1=" " tag="520">
      <subfield code="a">El Servicio de Bibliotecas de la UAB gestiona un depósito digital que cubre las expectativas generadas por un repositorio institucional a la vez que actúa facilitando la consulta de la biblioteca digital propia. La naturaleza diversa de las colecciones, en cuanto a origen y formato nos ha obligado a utilizar herramientas de gestión específicas para establecer los circuitos, métodos y procedimientos de trabajo. Queremos compartir nuestra experiencia, tanto a nivel de creación de un único depósito capaz de gestionar todo nuestro fondo digital, como de las opciones de trabajo interno escogidas.</subfield>
   </datafield>
   <datafield ind2=" " ind1=" " tag="520">
      <subfield code="a">The UAB Library Service manages a digital repository that meets the expectations generated by an institutional repository that acts at the same time to facilitate the search and retrieval of the digital library. The diverse nature of the collections, in origin and format has forced us to use specific management tools to establish the channels, methods and procedures. We would like to share our experience; both in terms of creating a single repository can manage all our digital collections, as well as the chosen work methodology.</subfield>
   </datafield>
   <datafield ind1="8" ind2=" " tag="024">
      <subfield code="a">Azorín-Millaruelo, Cristina; Casaldàliga, Núria (2010). "Instrumentos de gestión para el Depósito digital de la UAB".  4as Jornadas OS-Repositorios. Barcelona 3-5 marzo de 2010. &lt;http://hdl.handle.net/10609/1728></subfield>
   </datafield>
   <datafield ind1="8" ind2=" " tag="024">
      <subfield code="a">http://hdl.handle.net/10609/1728</subfield>
   </datafield>
   <datafield tag="653" ind2=" " ind1=" ">
      <subfield code="a">Metodologia de treball</subfield>
   </datafield>
   <datafield tag="653" ind2=" " ind1=" ">
      <subfield code="a">Repositoris</subfield>
   </datafield>
   <datafield tag="653" ind2=" " ind1=" ">
      <subfield code="a">Metodología de trabajo</subfield>
   </datafield>
   <datafield tag="653" ind2=" " ind1=" ">
      <subfield code="a">Repositorios</subfield>
   </datafield>
   <datafield tag="653" ind2=" " ind1=" ">
      <subfield code="a">Work methodology</subfield>
   </datafield>
   <datafield tag="653" ind2=" " ind1=" ">
      <subfield code="a">Repositories</subfield>
   </datafield>
   <datafield tag="653" ind2=" " ind1=" ">
      <subfield code="a">Open access</subfield>
   </datafield>
   <datafield tag="653" ind2=" " ind1=" ">
      <subfield code="a">Information society -- Political aspects</subfield>
   </datafield>
   <datafield tag="653" ind2=" " ind1=" ">
      <subfield code="a">Accés obert</subfield>
   </datafield>
   <datafield tag="653" ind2=" " ind1=" ">
      <subfield code="a">Informació -- Aspectes polítics</subfield>
   </datafield>
   <datafield tag="653" ind2=" " ind1=" ">
      <subfield code="a">Acceso libre</subfield>
   </datafield>
   <datafield tag="653" ind2=" " ind1=" ">
      <subfield code="a">Información -- Aspectos políticos</subfield>
   </datafield>
   <datafield ind2="0" ind1="0" tag="245">
      <subfield code="a">Instrumentos de gestión para el Depósito digital de la UAB</subfield>
   </datafield>
</record></metadata></record></GetRecord></OAI-PMH>